[Event "St Petersburg Summer op"]
[Site "St Petersburg"]
[Date "2017.08.22"]
[Round "7"]
[White "Aksenova, Maria"]
[Black "Smirnov, Mark A"]
[Result "1/2-1/2"]
[WhiteElo "1991"]
[BlackElo "1744"]
[PlyCount "85"]
[EventDate "2017.08.16"]
[EventType "swiss"]
[EventRounds "9"]
[EventCountry "RUS"]
[SourceTitle "CBM 180 Extra"]
[Source "ChessBase"]
[SourceDate "2017.10.06"]
[SourceVersion "1"]
[SourceVersionDate "2017.10.06"]
[SourceQuality "1"]

1. d4 Nf6 2. Nf3 e6 3. e3 b6 4. b3 Bb7 5. Bb2 Be7 6. Bd3 0-0 7. Nbd2 d5 8. 0-0 Nbd7 9. Qe2 c5 10. Ne5 Rc8 11. Rad1 Qc7 12. f4 Ne4 13. Nxd7 Qxd7 14. Nxe4 dxe4 15. Bc4 Qc7 16. Qg4 Bf6 17. f5 Bd5 18. Bb5 cxd4 19. Ba3 Rfd8 20. fxe6 Bxe6 21. Qxe4 Bd5 22. Qg4 Be6 23. Qf3 dxe3 24. Bd3 Bd4 25. Kh1 g6 26. c4 Qe5 27. Bc1 h5 28. h3 Re8 29. Rde1 Red8 30. Bxe3 Bxe3 31. Rxe3 Qd6 32. Qf6 Qd4 33. Bxg6 Qxe3 34. Bxf7+ Bxf7 35. Qxf7+ Kh8 36. Qxh5+ Kg8 37. Qg4+ Kh8 38. Qh5+ Kg8 39. Qg6+ Kh8 40. Qf6+ Kg8 41. Qf7+ Kh8 42. Qf6+ Kg8 43. Qg6+ 1/2-1/2

[Event "St Petersburg Summer op"]
[Site "St Petersburg"]
[Date "2017.08.21"]
[Round "6"]
[White "Smirnov, Mark A"]
[Black "Kundianok, Vladislav"]
[Result "1/2-1/2"]
[WhiteElo "1744"]
[BlackElo "1982"]
[PlyCount "76"]
[EventDate "2017.08.16"]
[EventType "swiss"]
[EventRounds "9"]
[EventCountry "RUS"]
[SourceTitle "CBM 180 Extra"]
[Source "ChessBase"]
[SourceDate "2017.10.06"]
[SourceVersion "1"]
[SourceVersionDate "2017.10.06"]
[SourceQuality "1"]

1. d4 Nf6 2. c4 e6 3. Nc3 Bb4 4. f3 d5 5. a3 Bxc3+ 6. bxc3 c5 7. e3 Nc6 8. cxd5 exd5 9. Bd3 0-0 10. Ne2 Re8 11. 0-0 b6 12. Ng3 a5 13. a4 cxd4 14. exd4 Qc7 15. Bg5 Qd6 16. Bxf6 Qxf6 17. Qb1 Qh6 18. Kh1 Re3 19. Re1 Rxe1+ 20. Qxe1 Bd7 21. Qf2 Qd6 22. Nf5 Bxf5 23. Bxf5 Ne7 24. Bd3 Rc8 25. Qc2 g6 26. h3 Nc6 27. Qb2 Nd8 28. Rb1 Rb8 29. Qb3 Ne6 30. Re1 Qg3 31. Rb1 Nf4 32. Bf1 h5 33. Qb5 Qf2 34. Qb2 Qg3 35. Qb5 Qf2 36. Qb2 Qg3 37. Qb5 Qf2 38. Qb2 Qg3 1/2-1/2

[Event "St Petersburg Summer op"]
[Site "St Petersburg"]
[Date "2017.08.20"]
[Round "5"]
[White "Golikov, Daniil"]
[Black "Smirnov, Mark A"]
[Result "1-0"]
[WhiteElo "2095"]
[BlackElo "1744"]
[PlyCount "49"]
[EventDate "2017.08.16"]
[EventType "swiss"]
[EventRounds "9"]
[EventCountry "RUS"]
[SourceTitle "CBM 180 Extra"]
[Source "ChessBase"]
[SourceDate "2017.10.06"]
[SourceVersion "1"]
[SourceVersionDate "2017.10.06"]
[SourceQuality "1"]

1. c4 Nf6 2. Nc3 c5 3. g3 Nc6 4. Bg2 e5 5. e4 d6 6. Nge2 Be6 7. d3 Nd4 8. 0-0 Be7 9. h3 0-0 10. f4 Rb8 11. b3 a6 12. g4 b5 13. f5 Bd7 14. g5 Ne8 15. h4 f6 16. g6 h6 17. Nxd4 cxd4 18. Nd5 Nc7 19. Qh5 Nxd5 20. cxd5 Rc8 21. Bxh6 gxh6 22. Qxh6 Rf7 23. gxf7+ Kxf7 24. Qh7+ Kf8 25. Bf3 1-0